Powiedz, co najczęściej kupuje się w sklepie papierniczym. - Statystyki

Ogólne statystyki
  • Ten quiz został rozwiązany 31 razy
  • Średni wynik to 2 z 6
Statystyki odpowiedzi
Odpowiedź % Poprawnych
Papier
88%
Zeszyt
80%
Nożyczki
36%
Blok Rysunkowy | Blok Techniczny
28%
Kalendarz
4%
Pineski
4%
Nie znaleziono quizów pasujących do podanych kryteriów
Rozkład punktacji
Procent ludzi z każdym wynikiem
Percentyl według liczby udzielonych odpowiedzi
Twoja historia wyników
Nie rozwiązałeś tego quizu